000 00680nam a2200241 4500
003 OSt
005 20240731062311.0
006 a
008 240731b |||||||| |||| 00| 0 eng d
020 _a007147255x
040 _aDWCL-Main lib.
_cOC
082 _aCirc. 650.1 B444y 2007
100 _aBellino, Ricardo
245 _aYou have 3 minutes! /
260 _aN.Y. :
_bMcGraw-Hill,
_cc2007.
300 _aix,
_b209 p. :
_c24 cm.
504 _aIncludes bibliographical references & index.
650 _a1. Success in business.
650 _a2. Business etiquette.
650 _a3. Business communication.
650 _a4. Intuition.
942 _2ddc
_n0
_cBK-CIRC
_kCirc.
999 _c3040
_d3040